000 00606nam a22002297a 4500
003 UA-OsUOA
001 94483
007 ta
008 20130212b un ||||| |||| 00| 0 ukr d
100 _aДавидков І.
090 _a821.163.2
_bД13
942 _cBK
040 _aUA-OsUOA
_bukr
_cUA-OsUOA
_dUA-OsUOA
245 _aКвиток до Бретані
_bроман
300 _a158 с.
955 _a3
041 _aukr
080 _a821.163.2
260 _aЛьвів
_bКаменяр
_c1983
650 7 _a82 Література. Літературознавство
_2UDC
999 _c380729
_d380729